000
00265nam a2200121Ia 4500
005
20251222141926.0
008
251222s9999||||xx |||||||||||||| ||spa||
082
_a
843.8/Z85
100
_a
Zola, Emilio
245
0
_a
Cuentos a Ninén
264
_b
Puevo
942
_c
LIB
999
_c
8866
_d
8866